Frauen Fußball EM 2025 - Alle Teilnehmer - Statistiken

Allgemein
  • Dieses Quiz wurde 278 mal gespielt
    227 seit der letzten Aktualisierung
  • Das Durchschnittsergebnis liegt bei 13 aus 16
Antwortstatistiken
# Nation % Korrekt
C Deutschland
97%
B Spanien
97%
D England
92%
D Frankreich
92%
C Schweden
92%
A Schweiz
90%
C Polen
86%
B Italien
85%
A Norwegen
85%
C Dänemark
83%
D Niederlande
79%
B Portugal
75%
A Finnland
72%
B Belgien
65%
A Island
65%
D Wales
57%
Keine übereinstimmenden Quizze gefunden
Verteilung der Resultate
Anzahl Personen mit jedem Resultat
Perzentil nach korrekt beantworteten Fragen
Ihre Resultats-Entwicklung
Sie haben dieses Quiz seit der letzten Aktualisierung nicht gespielt